000 00517nam a2200145Ia 4500
008 151213s9999 xx 000 0 und d
100 _aরাজীব হুমায়ুন।
245 _aনাটক রচনা রূপ ও রীতি।
_cরাজীব হুমায়ুন।
260 _aঢাকা
_bবাংলা একাডেমী।
_c1992
300 _a9274 p.
650 _aBangla
650 _aনাটক
700 _aরাজীব হুমায়ুন।
999 _c4740
_d4740